Central Library OPAC University of Rajshahi

An anthology of American literature : (Record no. 76639)

MARC details
000 -LEADER
fixed length control field 00674nam a2200217 4500
001 - CONTROL NUMBER
control field 76639
003 - CONTROL NUMBER IDENTIFIER
rucl marc code BD-RjUL
005 - DATE AND TIME OF LATEST TRANSACTION
control field 20211209082852.0
008 - FIXED-LENGTH DATA ELEMENTS--GENERAL INFORMATION
fixed length control field 191229s1953 nyu||||| |||| 00| 0 eng d
035 ## - SYSTEM CONTROL NUMBER
System control number (BD-RjUL)76863
040 ## - CATALOGING SOURCE
Original cataloging agency BD-RjUL
Language of cataloging eng
Transcribing agency BD-RjUL
041 ## - LANGUAGE CODE
Language code of text/sound track or separate title eng
082 ## - DEWEY DECIMAL CLASSIFICATION NUMBER
Edition number 23
Classification number 810.8
Author mark and year CAA 1953
100 ## - MAIN ENTRY--PERSONAL NAME
Personal name Cady, Edwin H
9 (RLIN) 237088
245 ## - TITLE STATEMENT
Title An anthology of American literature :
Remainder of title 1620-1900 /
Statement of responsibility, etc. by Edwin H. Cady and Lars Ahnebrink.
260 ## - PUBLICATION, DISTRIBUTION, ETC. (IMPRINT)
Place of publication, distribution, etc. Stockholm ;
-- Norstedts :
Name of publisher, distributor, etc. Svenska bokforlaget,
Date of publication, distribution, etc. 1953.
300 ## - PHYSICAL DESCRIPTION
Pagination VIII, 262 p. :
Illustrations ill. ;
Size 22 cm.
650 ## - SUBJECT ADDED ENTRY--TOPICAL TERM
Topical term or geographic name as entry element American literature
9 (RLIN) 237092
700 ## - ADDED ENTRY--PERSONAL NAME
Personal name Ahnebrink, Lars
942 ## - ADDED ENTRY ELEMENTS (KOHA)
Source of classification or shelving scheme Dewey Decimal Classification
Koha item type Books
Holdings
Lost status Source of classification or shelving scheme Damaged status Not for loan Collection code Permanent Location Current Location Shelving location Date acquired Total Checkouts Full call number Date last seen Copy number Koha item type
  Dewey Decimal Classification   Not For Loan Non-fiction Central Library, University of Rajshahi Central Library, University of Rajshahi Reading Room 29/12/2019   810.8 CAA 1953 29/12/2019 C-1 Books